000 00593nam a2200217Ia 4500
001 123962
003 214994
005 20251209221551.0
008 ||||||n9999 ||| || ||
082 _a347861
111 _aCongreso Colombiano de Derecho Procesal
_9148216
245 0 _aXXXII Congreso Colombiano de Derecho Procesal
562 _e1
650 0 _aDerecho procesal
_910305
650 _aDERECHO PROCESAL LABORAL
_9147788
650 0 _aProcedimiento civil
_911261
650 _aPROCEDIMIENTO PENAL--COLOMBIA
_9148217
942 _cBKM
999 _c123962
_d123962
526 _a51868
526 _a1697